000 00250nam a2200097Ia 4500
001 760730
005 20250826165154.0
008 250824s9999 xx 000 0 und d
245 0 _aCENNET MAHKUMU
_cCARLOS RUIZ ZAFON
260 _bALTIN KİTAPLAR YAYINLARI
999 _c760730
_d760730